| Tag |
First Indicator |
Second Indicator |
Subfields |
| LEADER |
00000cam a2200000 i 4500 |
| 001 |
in00003537513 |
| 005 |
20211120172949.0 |
| 006 |
m o d f |
| 007 |
cr mn||||a|||| |
| 008 |
141113s2010 dcua aof f000 0 eng c |
| 035 |
|
|
|a (OCoLC)ocn895188498
|
| 040 |
|
|
|a ELC
|b eng
|e rda
|e pn
|c ELC
|d ELC
|d OCLCO
|d OCLCF
|d GPO
|d MvI
|d UtOrBLW
|
| 042 |
|
|
|a pcc
|
| 043 |
|
|
|a n-us---
|
| 049 |
|
|
|a WWW
|
| 074 |
|
|
|a 0484-E-03 (online)
|
| 086 |
0 |
|
|a EP 6.58:C 76/3
|
| 088 |
|
|
|a EPA-420-B-10-037
|
| 245 |
0 |
0 |
|a EMTS conversion tool (ECT) user's guide /
|c Compliance and Innovative Strategies Division, Office of Transportation and Air Quality, U.S. Environmental Protection Agency.
|
| 246 |
3 |
|
|a EPA Moderated Transaction System conversion tool user's guide
|
| 246 |
3 |
|
|a Environmental Protection Agency Moderated Transaction System conversion tool user's guide
|
| 264 |
|
1 |
|a [Washington, D.C.] :
|b U.S. Environmental Protection Agency, Office of Transportation and Air Quality, Compliance and Innovative Strategies Division,
|c 2010.
|
| 300 |
|
|
|a 1 online resource (65 unnumbered pages) :
|b color illustrations
|
| 336 |
|
|
|a text
|b txt
|2 rdacontent
|
| 337 |
|
|
|a computer
|b c
|2 rdamedia
|
| 338 |
|
|
|a online resource
|b cr
|2 rdacarrier
|
| 500 |
|
|
|a Title from title screen (viewed on November 13, 2014).
|
| 500 |
|
|
|a "EPA-420-B-10-037."
|
| 500 |
|
|
|a "August 2010."
|
| 610 |
1 |
0 |
|a United States.
|b Environmental Protection Agency
|x Data processing
|v Handbooks, manuals, etc.
|
| 650 |
|
0 |
|a Electronic data interchange.
|
| 650 |
|
0 |
|a Quality assurance.
|
| 650 |
|
0 |
|a Standardization.
|
| 650 |
|
0 |
|a Forms management.
|
| 610 |
1 |
7 |
|a United States.
|b Environmental Protection Agency.
|2 fast
|0 (OCoLC)fst00534882
|
| 650 |
|
7 |
|a Electronic data interchange.
|2 fast
|0 (OCoLC)fst00906944
|
| 650 |
|
7 |
|a Forms management.
|2 fast
|0 (OCoLC)fst00932977
|
| 650 |
|
7 |
|a Quality assurance.
|2 fast
|0 (OCoLC)fst01084943
|
| 650 |
|
7 |
|a Standardization.
|2 fast
|0 (OCoLC)fst01131462
|
| 710 |
1 |
|
|a United States.
|b Environmental Protection Agency.
|b Office of Transportation and Air Quality.
|b Compliance and Innovative Strategies Division,
|e issuing body.
|
| 856 |
4 |
0 |
|u https://purl.fdlp.gov/GPO/gpo56322
|t 0
|
| 999 |
|
|
|a MARS
|
| 999 |
f |
f |
|s b962df5e-7e4c-3de0-aac9-616759e2085e
|i ccba70e8-b718-3098-8401-d72eb7d5f38c
|t 0
|
| 952 |
f |
f |
|a Texas A&M University
|b College Station
|c Electronic Resources
|d Available Online
|t 0
|e EP 6.58:C 76/3
|h Superintendent of Documents classification
|
| 998 |
f |
f |
|a EP 6.58:C 76/3
|t 0
|l Available Online
|